Piłka nożna - Zdobywcy złotego buta - Statystyki

Ogólne statystyki
  • Ten quiz został rozwiązany 4 531 razy
    2 676 od ostatniego zresetowania
  • Średni wynik to 16 z 26
Statystyki odpowiedzi
Sezon Piłkarz Liczba goli % Poprawnych
2007/08 Cristiano Ronaldo 31
99%
2010/11 Cristiano Ronaldo 40
99%
2013/14 Cristiano Ronaldo 31
99%
2014/15 Cristiano Ronaldo 48
99%
2009/10 Lionel Messi 34
99%
2011/12 Lionel Messi 50
99%
2012/13 Lionel Messi 46
99%
2016/17 Lionel Messi 37
99%
2017/18 Lionel Messi 34
99%
2018/19 Lionel Messi 36
99%
2020/21 Robert Lewandowski 41
94%
2021/22 Robert Lewandowski 35
94%
2022/23 Erling Haaland 36
77%
2013/14 Luis Suarez 31
69%
2015/16 Luis Suarez 40
69%
2023/24 Harry Kane 36
65%
2003/04 Thierry Henry 30
42%
2004/05 Thierry Henry 25
42%
2019/20 Ciro Immobile 36
32%
2004/05 Diego Forlan 25
16%
2008/09 Diego Forlan 32
16%
2006/07 Francesco Totti 26
12%
2005/06 Luca Toni 31
7%
2000/01 Henrik Larsson 25
5%
2002/03 Roy Maakay 29
5%
2001/02 Mario Jardel 42
4%
Nie znaleziono quizów pasujących do podanych kryteriów
Rozkład punktacji
Procent ludzi z każdym wynikiem
Percentyl według liczby udzielonych odpowiedzi
Twoja historia wyników
Nie rozwiązałeś tego quizu od ostatniego zresetowania